Online
Catalog

Balance al sistema municipal dominicano : (Record no. 59500)

MARC details
000 -CABECERA
campo de control de longitud fija 02719nam a2200349 i 4500
003 - IDENTIFICADOR DEL NÚMERO DE CONTROL
campo de control DO-SdBNP
005 - FECHA Y HORA DE LA ÚLTIMA TRANSACCIÓN
campo de control 20250715125412.0
007 - CAMPO FIJO DE DESCRIPCIÓN FÍSICA--INFORMACIÓN GENERAL
campo de control de longitud fija ta
008 - DATOS DE LONGITUD FIJA--INFORMACIÓN GENERAL
campo de control de longitud fija 250711b2025 dr abcd| |||| 00| 0 spa d
020 ## - NÚMERO INTERNACIONAL ESTÁNDAR DEL LIBRO
Número Internacional Estándar del Libro 9789945293579
040 ## - FUENTE DE LA CATALOGACIÓN
Centro catalogador/agencia de origen DO-SdBNP
Lengua de catalogación spa
Centro/agencia transcriptor BNPHU
Normas de descripción rda
041 ## - CÓDIGO DE LENGUA
Código de lengua del texto/banda sonora o título independiente spa
082 #4 - NÚMERO DE LA CLASIFICACIÓN DECIMAL DEWEY
Número de clasificación xxx
Número de documento/Ítem M433
Número de edición 22
100 1# - ENTRADA PRINCIPAL--NOMBRE DE PERSONA
Nombre de persona Hernández, Domingo Matías,
Término indicativo de función/relación autor
Código de función/relación aut.
9 (RLIN) 82930
245 10 - MENCIÓN DE TÍTULO
Título Balance al sistema municipal dominicano :
Resto del título 2020-2024 /
Mención de responsabilidad, etc. Domingo Matías Hernández ; colaboradores, Pedro Hernández, Horacio Medrano, Franklin Santos, Ileana Polanco, Esthefani Sirett, Manuel Parras.
264 #1 - PRODUCCIÓN, PUBLICACIÓN, DISTRIBUCIÓN, FABRICACIÓN Y COPYRIGHT
Producción, publicación, distribución, fabricación y copyright Santo Domingo, República Dominicana :
Nombre del de productor, editor, distribuidor, fabricante Foro Municipalistas,
-- Fundación Solidaridad,
-- CEPAE,
-- Editora Búho,
Fecha de producción, publicación, distribución, fabricación o copyright [2025].
300 ## - DESCRIPCIÓN FÍSICA
Extensión 50 páginas :
Otras características físicas ilustraciones, mapas, gráficas, retratos ;
Dimensiones 22 cm.
336 ## - TIPO DE CONTENIDO
Término de tipo de contenido texto
Código de tipo de contenido txt
Fuente rdacontent
337 ## - TIPO DE MEDIO
Nombre/término del tipo de medio sin mediación
Código del tipo de medio n
Fuente rdamedia
338 ## - TIPO DE SOPORTE
Nombre/término del tipo de soporte volumen
Código del tipo de soporte nc
Fuente rdacarrier
520 ## - SUMARIO, ETC.
Sumario, etc. Balance Municipal 2020-2024, es una publicación de Domingo Matías, un experimentado municipalista y sociólogo con más de una década analizando la gestión de los gobiernos locales en la República Dominicana desde 2010. Este balance sumario del periodo 2020-2024 ofrece una rica perspectiva analítica y datos relevantes sobre temas trascendentales como los procesos electorales municipales (2020 y 2024), el impacto del COVID-19 en los municipios, las reformas legales, el desempeño de los gobiernos locales, la territorialización de políticas públicas y la participación de la sociedad civil.<br/><br/>Con una trayectoria como activista en defensa de los derechos comunitarios y promotor de la descentralización, Domingo Matías aporta un conocimiento profundo del sistema municipal dominicano. Su análisis se centra en las estrategias desarrolladas y el funcionamiento global de las entidades rectoras, ofreciendo valiosas reflexiones para autoridades, técnicos municipales, políticos y activistas sociales interesados en el fortalecimiento institucional y el desarrollo local. Esta publicación se erige como un recurso inestimable para comprender los avances, estancamientos y retrocesos de la municipalidad dominicana en un periodo crucial.
590 ## - NOTA LOCAL (RLIN)
Nota local Inventariado, 2025/ YL
700 1# - PUNTO DE ACCESO ADICIONAL--NOMBRE DE PERSONA
Nombre de persona Hernández, Pedro
Término indicativo de función/relación colaborador
Código de función/relación col.
9 (RLIN) 2670
700 1# - PUNTO DE ACCESO ADICIONAL--NOMBRE DE PERSONA
Nombre de persona Medrano, Horacio
Término indicativo de función/relación colaborador
Código de función/relación col.
9 (RLIN) 88321
700 1# - PUNTO DE ACCESO ADICIONAL--NOMBRE DE PERSONA
Nombre de persona Santos, Franklin
Término indicativo de función/relación colaborador
Código de función/relación col.
9 (RLIN) 88322
700 1# - PUNTO DE ACCESO ADICIONAL--NOMBRE DE PERSONA
Nombre de persona Polanco, Ileana
Término indicativo de función/relación colaborador
Código de función/relación col.
9 (RLIN) 88323
700 1# - PUNTO DE ACCESO ADICIONAL--NOMBRE DE PERSONA
Nombre de persona Sirett, Esthefani
Término indicativo de función/relación colaborador
Código de función/relación col.
9 (RLIN) 88324
700 1# - PUNTO DE ACCESO ADICIONAL--NOMBRE DE PERSONA
Nombre de persona Parras, Manuel
Término indicativo de función/relación colaborador
Código de función/relación col.
9 (RLIN) 75380
710 1# - PUNTO DE ACCESO ADICIONAL--NOMBRE DE ENTIDAD CORPORATIVA
Nombre de entidad corporativa o nombre de jurisdicción como elemento de entrada Centro de Planificación y Acciòn Ecuménica (CEPAE)
9 (RLIN) 85101
910 ## - DATOS DE OPCIÓN DEL USUARIO (OCLC)
Datos de opción del usuario YLockward
942 ## - ELEMENTOS DE PUNTO DE ACCESO ADICIONAL (KOHA)
Fuente del sistema de clasificación o colocación Dewey Decimal Classification
Tipo de ítem Koha Libro
Holdings
Estado de retiro Estado de pérdida Fuente del sistema de clasificación o colocación Restricciones de uso No para préstamo Código de colección Localización permanente Ubicación/localización actual Ubicación en estantería Fecha de adquisición Fuente de adquisición Total de préstamos Signatura topográfica completa Código de barras Fecha visto por última vez Precio válido a partir de Tipo de ítem Koha Número de copia Nota pública
    Dewey Decimal Classification Excluido de préstamo   Patrimonio Dominicano Biblioteca Nacional Pedro Henríquez Ureña Biblioteca Nacional Pedro Henríquez Ureña En catalogación 23.05.2025 Donado por Editora Búho   BNPHU PD xxx M433 2025-6422 11.07.2025 11.07.2025 Libro    
    Dewey Decimal Classification Excluido de préstamo   Patrimonio Dominicano Biblioteca Nacional Pedro Henríquez Ureña Biblioteca Nacional Pedro Henríquez Ureña En catalogación 23.05.2025 Donado por Editora Búho   BNPHU PD xxx M433 2025-6423 11.07.2025 11.07.2025 Libro e.2  
    Dewey Decimal Classification Préstamo en sala   Dominicana de Servicio Biblioteca Nacional Pedro Henríquez Ureña Biblioteca Nacional Pedro Henríquez Ureña En catalogación 06.05.2025 Depósito Legal   xxx M433 2025-6583 15.07.2025 15.07.2025 Libro e.3 Proveedor Domingo Matías
    Dewey Decimal Classification Préstamo en sala   Dominicana de Servicio Biblioteca Nacional Pedro Henríquez Ureña Biblioteca Nacional Pedro Henríquez Ureña En catalogación 06.05.2025 Depósito Legal   xxx M433 2025-6584 15.07.2025 15.07.2025 Libro e.4 Proveedor Domingo Matías
    Dewey Decimal Classification Préstamo en sala   Dominicana de Servicio Biblioteca Nacional Pedro Henríquez Ureña Biblioteca Nacional Pedro Henríquez Ureña En catalogación 06.05.2025 Depósito Legal   xxx M433 2025-6585 15.07.2025 15.07.2025 Libro e.5 Proveedor Domingo Matías

Powered by Koha